000 01159nam0a22002891 4500
001 rc\502248
005 20030616171832.4
035 _a(NLR Aleph) 005743166
090 _a4760710
_c4760710
100 _a20030616d1987 u |0rusy50 ca
101 0 _arus
102 _aRU
105 _aa |||||||||
200 1 _aСистема программ для определения параметров циклотронного магнита по заданным динамическим характеристикам пучка
_fС.Б. Ворожцов, М.Б. Калинкина, В.А. Саенко
210 _aДубна
_cОИЯИ
_d1987
215 _a9 с.
_cил.
_d20
225 1 _aПрепринт
_fОбъед. ин-т ядер. исслед.
_vР9-87-457
300 _aРез. на англ. яз.
320 _aБиблиогр.: с. 7-8
700 1 _aВорожцов
_bС. Б.
_gСергей Борисович
701 1 _aКалинкина
_bМ. Б.
701 1 _aСаенко
_bВ. А.
_gВладимир Антонович
801 0 _aRU
_bNLR
_gpsbo
801 1 _aRU
_bELAR
_2rusmarc
852 _aNLR
_j88-6/3300
942 _cBOOK
980 _aNB